• 首页
  • 本馆介绍
  • 公告通知
  • 最新文献
  • 馆藏检索
  • 电子资源
  • 读者导购
  • 参考咨询
  • 我的图书馆
  • 登录
  • 详细信息显示
  • 放入我的书架
  • 预约/预借图书
  • 作者相关作品
  • 分类相关作品
  • 丛书相关作品
  • 出版社相关作品

书目信息

  • 表格格式
  • 工作单格式
  • 卡片格式
题名:
实验心里学
    
 
作者: 杨治良 编著
分册:  
出版信息: 杭州   浙江教育出版社  1998.12
页数: 666页
开本: 22cm
丛书名: 世纪心里学丛书
单 册:
中图分类: B84
科图分类:
主题词: 实验--心理学
电子资源:
ISBN: 978-7-5338-2350-4
000 00677oam2 2200241217 45
001 1360590093
005 20130531100501.56
010    @a978-7-5338-2350-4@dCNY68.00
100    @a20130513d1998 em y0chiy0120 ea
101 0  @achi
102    @aCN@b330000
105    @ay z 000yy
106    @ar
200 1  @a实验心里学@AShi Yan Xin Li Xue@f杨治良编著@FYang Zhi Liang Bian Zhu
210    @a杭州@c浙江教育出版社@d1998.12
215    @a666页@d22cm
225 2  @a世纪心里学丛书
461  0 @12001@@a世纪心里学丛书
606 0  @a实验@x心理学
690    @aB84@v5
701  0 @a杨治良@AYang Zhi Liang@e@4编著
801    @aCN@bTANGWEI@c20130523
905    @b0835893-96@dB84@e1174@f4
    
    实验心里学/杨治良编著.-杭州:浙江教育出版社,1998.12
    666页;22cm.-(世纪心里学丛书)
    
    
    ISBN 978-7-5338-2350-4:CNY68.00
    
●
相关链接 在E读中查询图书 在五车中查询图书 在当当中查询图书 在豆瓣中查询图书


正题名:实验心里学     索取号:B84/1174         预约/预借

序号 登录号 条形码 馆藏地/架位号 状态 备注
1 0835893   208358935   第一样本阅览室/ [索取号:B84/1174] 在馆    
2 0835894   208358944   教育系资料室/ [索取号:B84/1174] 在馆    
3 0835895   208358953   教育系资料室/ [索取号:B84/1174] 在馆    
4 0835896   208358962   第一借阅区/ [索取号:B84/1174] 在馆    
唐山师范学院图书馆 欢迎您!
大连网信软件有限公司© 版权所有